[Event "CHN-chT (Women)"]
[Site "Hebei"]
[Date "2025.04.29"]
[Round "5.12"]
[White "Peng, Xinbei"]
[Black "Zheng, Xiner"]
[Result "0-1"]
[WhiteElo "1801"]
[BlackElo "1774"]
[PlyCount "120"]
[EventDate "2025.04.25"]
[EventType "team-swiss"]
[EventRounds "9"]
[EventCountry "CHN"]
[SourceTitle "CB20_2025"]
[SourceDate "2025.05.14"]
[SourceVersion "1"]
[SourceVersionDate "2025.05.14"]
[SourceQuality "1"]
[WhiteTeam "Guangdong (W)"]
[BlackTeam "Zhejiang (W)"]
[WhiteTeamCountry "CHN"]
[BlackTeamCountry "CHN"]

1. e4 c5 2. Nf3 d6 3. g3 Nf6 4. d3 g6 5. Bg2 Nc6 6. 0-0 Bg7 7. Re1 0-0 8. c3 e5 9. h3 d5 10. exd5 Nxd5 11. Nbd2 h6 12. Nc4 Re8 13. a4 Rb8 14. Kh2 Kh7 15. a5 f5 16. h4 Nf6 17. Kg1 Ng4 18. Qc2 Be6 19. Nfd2 Bd5 20. Bh3 Nf6 21. Qd1 f4 22. Bg2 Bxg2 23. Kxg2 Qxd3 24. Qf3 Qxf3+ 25. Kxf3 fxg3 26. fxg3 Rbd8 27. Nb3 e4+ 28. Kg2 Ne5 29. Nxe5 Rxe5 30. Bf4 Rf5 31. Be3 Bf8 32. Rad1 Rxd1 33. Rxd1 b6 34. axb6 axb6 35. c4 Rf3 36. Rf1 Rxe3 37. Rxf6 Rxb3 38. Rxf8 Rxb2+ 39. Kf1 Rb4 40. Rf7+ Kg8 41. Rb7 Rxc4 42. Rxb6 Kg7 43. Kf2 Rc2+ 44. Ke3 Rc3+ 45. Kf4 Rf3+ 46. Kxe4 Rxg3 47. Kf4 Rh3 48. Kg4 Re3 49. Kf4 Rh3 50. Kg4 Rh1 51. Rc6 h5+ 52. Kg3 Rg1+ 53. Kh3 Rc1 54. Kg3 c4 55. Kf4 Rg1 56. Ke5 Rg4 57. Rc7+ Kh6 58. Rc8 Rxh4 59. Kf6 Rf4+ 60. Ke5 Kg5 0-1

[Event "CHN-chT (Women)"]
[Site "Hangzhou"]
[Date "2018.06.25"]
[Round "9.2"]
[White "Zheng, Xiner"]
[Black "Li, Yunshan"]
[Result "0-1"]
[WhiteElo "1522"]
[BlackElo "2130"]
[PlyCount "82"]
[EventDate "2018.06.19"]
[EventType "team-swiss"]
[EventRounds "9"]
[EventCountry "CHN"]
[SourceTitle "CBM 185 Extra"]
[Source "ChessBase"]
[SourceDate "2018.07.29"]
[SourceVersion "1"]
[SourceVersionDate "2018.07.29"]
[SourceQuality "1"]
[WhiteTeam "Zhejiang (W)"]
[BlackTeam "Chengdu (W)"]
[WhiteTeamCountry "CHN"]
[BlackTeamCountry "CHN"]

1. e4 c5 2. Nf3 e6 3. d4 cxd4 4. Nxd4 Nc6 5. Nc3 Qc7 6. Be2 a6 7. 0-0 b5 8. Be3 Bb7 9. f3 Nf6 10. Qd2 Be7 11. Kh1 0-0 12. Nb3 Ne5 13. Bd4 d5 14. Bxe5 Qxe5 15. f4 Qc7 16. e5 b4 17. Nd1 Ne4 18. Qe3 f6 19. Nd4 Qb6 20. Bg4 Bc5 21. Bxe6+ Kh8 22. Qh3 Bxd4 23. Bf5 h6 24. e6 Nd6 25. Bg6 Qc7 26. c3 bxc3 27. bxc3 Ba7 28. Ne3 Bxe3 29. Qxe3 Qe7 30. f5 Rfc8 31. Rf4 Nc4 32. Qg3 Ne5 33. Bh5 Rc7 34. Re1 Rac8 35. Re3 Qa3 36. c4 Rxc4 37. Rxc4 Rxc4 38. h3 Qd6 39. Rb3 Rc7 40. Qe3 d4 41. Qd2 d3 0-1

[Event "CHN-chT (Women)"]
[Site "Hangzhou"]
[Date "2018.06.20"]
[Round "2.2"]
[White "Liu, Xianglin"]
[Black "Zheng, Xiner"]
[Result "0-1"]
[WhiteElo "2212"]
[BlackElo "1522"]
[PlyCount "166"]
[EventDate "2018.06.19"]
[EventType "team-swiss"]
[EventRounds "9"]
[EventCountry "CHN"]
[SourceTitle "CBM 185 Extra"]
[Source "ChessBase"]
[SourceDate "2018.07.29"]
[SourceVersion "1"]
[SourceVersionDate "2018.07.29"]
[SourceQuality "1"]
[WhiteTeam "Beijing Beiao (W)"]
[BlackTeam "Zhejiang (W)"]
[WhiteTeamCountry "CHN"]
[BlackTeamCountry "CHN"]

1. d4 Nf6 2. Nf3 g6 3. g3 Bg7 4. Bg2 0-0 5. 0-0 d6 6. c4 Nbd7 7. Nc3 c6 8. e4 e5 9. h3 Re8 10. Be3 Qc7 11. Rc1 b6 12. Qd2 Bb7 13. Rfd1 Rad8 14. Bg5 Nf8 15. d5 c5 16. Nh2 Rc8 17. f4 N6d7 18. Ng4 Ba6 19. b3 f6 20. Bh6 Bxh6 21. Nxh6+ Kg7 22. Ng4 h5 23. Ne3 Nh7 24. f5 g5 25. Qe2 Rh8 26. Qxh5 Rcg8 27. Kf2 Kf8 28. Qe2 Ke7 29. Rh1 Rg7 30. Rcg1 Rhg8 31. Bf3 Ndf8 32. h4 Kd8 33. Ng4 Ke7 34. Nd1 Qd7 35. a4 Bc8 36. Nde3 Qc7 37. Qd2 Bd7 38. Be2 a5 39. Nh2 Be8 40. Qd1 Kd8 41. Bh5 gxh4 42. gxh4 Rxg1 43. Rxg1 Rxg1 44. Kxg1 Qg7+ 45. Qg4 Qh6 46. Bxe8 Qxe3+ 47. Kg2 Kxe8 48. Nf3 Qxb3 49. Qg7 Qxa4 50. Qc7 Qd7 51. Qxb6 Qd8 52. Qc6+ Ke7 53. Qb7+ Nd7 54. Kh3 Qb8 55. Qa6 Qb3 56. Kg4 Qe3 57. Kg3 Qxe4 58. Qxa5 Qf4+ 59. Kg2 e4 60. Ne1 Qg4+ 61. Kf2 Qxh4+ 62. Ke2 Qg4+ 63. Kd2 Qf4+ 64. Ke2 Qxf5 65. Qa3 Qg4+ 66. Kd2 Ng5 67. Qe3 Nf3+ 68. Nxf3 Qxf3 69. Qh6 e3+ 70. Kc2 Qe2+ 71. Kc3 Qd2+ 72. Kb3 Qd3+ 73. Ka4 e2 74. Qg7+ Kd8 75. Qg8+ Kc7 76. Qa8 Qxc4+ 77. Ka3 Qb4+ 78. Ka2 Qb7 79. Qa5+ Nb6 80. Qe1 Qxd5+ 81. Ka3 Qd3+ 82. Ka2 Qd1 83. Qa5 Qa4+ 0-1

[Event "Asia-chT Cup U14"]
[Site "Jiaxing"]
[Date "2016.11.11"]
[Round "8.4"]
[White "Zheng, Xiner"]
[Black "Poormosavi, Seyed Kian"]
[Result "0-1"]
[WhiteElo "1495"]
[BlackElo "2016"]
[PlyCount "100"]
[EventDate "2016.11.06"]
[EventType "swiss"]
[EventRounds "9"]
[EventCountry "CHN"]
[SourceTitle "EXT 2021"]
[Source "ChessBase"]
[SourceDate "2020.10.23"]
[SourceVersion "1"]
[SourceVersionDate "2020.10.23"]
[SourceQuality "1"]

1. d4 Nf6 2. g3 d5 3. Bg2 Bf5 4. Nf3 c6 5. 0-0 Nbd7 6. b3 e6 7. Bb2 h6 8. Nbd2 Be7 9. e3 0-0 10. Ne5 Qc7 11. Ndf3 Ne4 12. Nxd7 Qxd7 13. Ne5 Qc7 14. f3 Nd6 15. Qe2 Bh7 16. e4 Rfe8 17. Nd3 b6 18. e5 Nb7 19. c3 Rac8 20. Rac1 c5 21. Nf2 c4 22. b4 a5 23. a3 Qc6 24. f4 Qa4 25. Qd1 Qb3 26. Qxb3 cxb3 27. c4 axb4 28. axb4 Bxb4 29. cxd5 exd5 30. Bxd5 Na5 31. Be4 Nc4 32. Bxh7+ Kxh7 33. Nd3 Bd2 34. Rcd1 Be3+ 35. Kh1 Red8 36. f5 Bxd4 37. Bxd4 Rxd4 38. Rf4 Rcd8 39. Rxd4 Rxd4 40. e6 fxe6 41. fxe6 Re4 42. Nf4 b2 43. Rb1 Re3 44. Kg2 g5 45. Nd5 Rxe6 46. Nc3 Re3 47. Nd1 Re2+ 48. Kf3 Rxh2 49. Kg4 Kg6 50. Nc3 Ne5# 0-1

[Event "Asia-chT Cup U14"]
[Site "Jiaxing"]
[Date "2016.11.07"]
[Round "3.5"]
[White "Cheung, Pak Shing"]
[Black "Zheng, Xiner"]
[Result "0-1"]
[WhiteElo "1288"]
[BlackElo "1495"]
[PlyCount "78"]
[EventDate "2016.11.06"]
[EventType "swiss"]
[EventRounds "9"]
[EventCountry "CHN"]
[SourceTitle "EXT 2021"]
[Source "ChessBase"]
[SourceDate "2020.10.23"]
[SourceVersion "1"]
[SourceVersionDate "2020.10.23"]
[SourceQuality "1"]

1. d4 Nf6 2. c4 g6 3. Nf3 Bg7 4. Nc3 0-0 5. e3 d6 6. b3 Nbd7 7. Bb2 c6 8. Be2 Qc7 9. 0-0 a6 10. Qc2 e5 11. Ne4 Nxe4 12. Qxe4 f5 13. Qc2 e4 14. Nd2 Qd8 15. d5 Ne5 16. f3 exf3 17. Bxf3 c5 18. a3 Qe7 19. Rfe1 Bd7 20. b4 b6 21. bxc5 bxc5 22. Bxe5 Bxe5 23. Rab1 Rab8 24. g3 Qg5 25. Bg2 Qe7 26. Nf3 Bg7 27. Kh1 a5 28. Qd2 a4 29. Ng1 Rb3 30. Rxb3 axb3 31. Rb1 Rb8 32. Ne2 b2 33. Nc3 Rb3 34. Nd1 Qe5 35. Bf3 Qe8 36. Nxb2 Qb8 37. Qc2 Rxb2 38. Rxb2 Qxb2 39. Qxb2 Bxb2 0-1